Chování českého spotřebitele a reklama

Správanie českého spotrebiteľa (dôvera, obrana). Hodnotenie českých a zahraničných výrobkov. Rozdiely medzi českými a zahraničnými výrobkami z pohľadu spotrebiteľa. Humor ako prvok reklamy a súčasť sociálnej komunikácie. Pôsobenie reklamy na spotrebiteľa.

Gespeichert in:
Bibliographische Detailangaben
1. Verfasser: Bárta, Vladimír
Format: Buchkapitel
Sprache:Tschechisch
Schlagworte:
Tags: Tag hinzufügen
Keine Tags, Fügen Sie das erste Tag hinzu!

MARC

LEADER 00000naa a2200000 4500
001 r021686
005 20230922102130.2
041 0 |a cze 
044 |a CZ 
245 1 0 |a Chování českého spotřebitele a reklama  |c Vladimír Bárta 
520 |a Správanie českého spotrebiteľa (dôvera, obrana). Hodnotenie českých a zahraničných výrobkov. Rozdiely medzi českými a zahraničnými výrobkami z pohľadu spotrebiteľa. Humor ako prvok reklamy a súčasť sociálnej komunikácie. Pôsobenie reklamy na spotrebiteľa. 
610 2 0 |a spotrebitelia 
610 2 0 |a správanie 
610 2 0 |a Česko 
610 2 0 |a 1990-1995 
610 2 0 |a reklama 
610 2 0 |a ponuka 
610 2 0 |a tovar značkový 
610 2 0 |a dovoz 
610 2 0 |a komunikácia sociálna 
610 2 0 |a prostriedky reklamné 
610 2 0 |a humor 
100 1 |a Bárta, Vladimír